000 00313nam a22001337a 4500
008 170908b xxu||||| |||| 00| 0 eng d
020 _a9780471152255
041 _aeng
080 _24TH
_a91
100 _a42
101 _aGJEO
245 _aEXPLOITATION CONSERVATION PRESERVATION
_cCUTTER,S.L
942 _2udc
_cBK
999 _c26706
_d26706